00556nam a22001817a 450000500170000001000150001702000260003203500140005803700150007208200100008710000200009724501000011726000380021727000430025530000310029870000190032970000260034820180503143801.0 aENG-122871 a9789387432406c625.00 aEN-106403 bDBAD/PUB.  a621.3 aSalivahanan, S. aPeople's lingustic survey of india /cby S. Salivahanan; R. Rengaraj [and] G.R. Venkatakrishnan aNew DelhibTata McGraw Hillc2018 a7, West Patel NagarbNew Delhie110008 av, 441p.)c25cm(pbk)bill. aRengaraj, R.  aVenkatakrishnan, G.R.